000 01366nam a2200301 a 4500
999 _c25595
_d25595
001 3915838
003 OSt
005 20170131165908.0
008 910930s1990 caua b s000 0 eng
010 _a 91200680
020 _a0801108705 :
_c$6.50
040 _aDLC
_cDLC
043 _an-us-ca
050 0 0 _aLB1585.3 .S35 1990
082 0 0 _a507.1/0794
_220
110 1 _aCalifornia.
_bState Board of Education.
245 1 0 _aScience framework for California public schools, kindergarten through grade twelve /
_cdeveloped by the Science Curriculum Framework and Criteria Committee under the direction of the Curriculum Development and Supplemental Materials Committee ; adopted by the California State Board of Education.
260 _aSacramento, Calif. :
_bCalifornia Dept. of Education,
_cc1990.
300 _axii, 220 p. :
_bill. ;
_c28 cm.
500 _aIncludes bibliographical references (p. 218-219).
650 0 _aScience
_xStudy and teaching (Elementary)
_zCalifornia.
650 0 _aScience
_xStudy and teaching (Secondary)
_zCalifornia.
650 0 _aCurriculum planning
_zCalifornia.
710 1 _aCalifornia.
_bScience Curriculum Framework and Criteria Committee.
906 _a7
_bcbc
_corignew
_d3
_encip
_f19
_gy-gencatlg
942 _2lcc
_cBOOKS
_hLB1585.3 .S35 1990
_k32953